000 00503nam a2200169 4500
008 051011s1968 moua b 000 0 eng
090 _aND1142
_bM42
100 1 _aMathews, Wendell.
245 1 4 _aThe world of painting.
260 _aSaint Louis :
_bConcordia Pub. House,
_c[1968]
300 _a112 p. :
_bill.
490 1 _aThe Christian encounters
504 _aBibliography: p. 109.
650 4 _aPainting.
951 _p6896
_x00014201
_oND1142/M42
_j070613111520265
_d2000-12-21
_cGC
999 _c24683
_d24683